Word Ladder: Nirvana Song Quiz Stats

 Plays Quiz Updated Sep 22, 2012

Support Sporcle.
Go Orange.
Score 0/14 Timer 02:00
0 Plays Today
% Correct
LIME
93.4%
TIME
90.5%
TEES
86%
TIES
82.6%
TIMS
81.9%
SPELLS
81.8%
SPILLS
78.8%
% Correct
↓LIKE↓
77.6%
SMELLS→
77.3%
SPIRIT←
73.2%
←TEEN←
73.2%
SPIRES
38.9%
SPILES
36.5%
SPIRET
31.2%

Today's Daily Dose

You're not logged in!

Compare scores with friends on all Sporcle quizzes.
OR
Log In
Forgot?

From the Vault

25 Years of Music Videos

by lolshortee

Music 8m
When a music video gets 3 billion YouTube plays, you should probably be familiar with it.
Remove Ads.
Support Sporcle.
Get the best of Sporcle when you Go Orange. This ad-free experience offers more features, more stats, and more fun while also helping to support Sporcle. Thank you for becoming a member.

Show Comments

Extras

Top Quizzes Today


Score Distribution

Your Account Isn't Verified!

In order to create a playlist on Sporcle, you need to verify the email address you used during registration. Go to your Sporcle Settings to finish the process.

Report this User

Report this user for behavior that violates our Community Guidelines.

Details: